000
00212nam a22000857a 4500
008
161207b xxu||||| |||| 00| 0 eng d
100
_9
1892
_a
Saja.K
245
_a
A Tale About Two Kings
260
_a
Moscow
_b
Radussa
_c
1986
999
_c
4651
_d
4651